Codes for Peak Power Control in Multi-Carrier Systems

Salvato in:
Dettagli Bibliografici
Autore principale: Hlinka, Ondrej (Autore)
Altri autori: Švač, Pavol (Relatore della tesi), Hrdlička, Ondrej (Relatore della tesi), Róka, Rastislav, 1972- (Relatore della tesi)
Natura: Manoscritto Libro
Lingua:inglese
Pubblicazione: Bratislava : STU v Bratislave FEI, 2008
Soggetti:
Tags: Aggiungi Tag
Nessun Tag, puoi essere il primo ad aggiungerne!!

MARC

LEADER 00000ntm a22000003a 4500
001 stu170454
005 20160719165058.5
008 080926s2008------------------------eng-d
040 |a STU  |b slo 
041 0 |a eng 
100 1 |a Hlinka, Ondrej  |4 aut 
245 1 |a Codes for Peak Power Control in Multi-Carrier Systems 
260 |a Bratislava :  |b STU v Bratislave FEI,  |c 2008 
300 |a 58 s 
650 7 |a Telekomunikácie  |2 stusub 
700 1 |a Švač, Pavol  |4 ths 
700 1 |a Hrdlička, Ondrej  |4 ths 
700 1 |a Róka, Rastislav,  |d 1972-  |4 ths  |u E070  |U FEI Fakulta elektrotechniky a informatiky  |T FEI Ústav telekomunikácií  |X 1946  |U E070  |Y 818  |7 A000001946